000 01221cam a22002413a 4500
001 18405
003 PGUSA
005 20140828083407.0
008 060516s2006||||xxu|||||s|||||000 | eng d
040 _aPGUSA
_beng
042 _adc
050 4 _aPN
245 1 0 _aGreat Sea Stories
_h[electronic resource]
260 _bProject Gutenberg,
_c2006
505 0 _aSpanish Bloodhounds and English Mastiffs, By Kingsley -- The Club-Hauling of the Diomede, By Marryat -- The Cruise of the Torch, By Scott -- The Merchantman and the Pirate, By Reade -- The Mutiny of the Bounty, By Anonymous -- The Wreck of the Royal Caroline, By Cooper -- The Capture of the Great White Whale, By Melville -- The Corvette Claymore, By Hugo -- The Merchants' Cup, By Bone -- A Storm and a Rescue, By Russell -- The Sailor's Wife, By Loti -- The Salving of the Yan-Shan, By Stackpoole -- The Derelict Neptune, By Robertson -- The Terrible Solomons, By London -- El Dorado, By Masefield.
506 _aPublic domain in the USA.
516 _aElectronic text
653 _aSea stories
700 1 _aFrench, Joseph Lewis,
_d1858-1936
830 0 _aProject Gutenberg
_v18405
856 4 0 _uhttp://www.gutenberg.org/ebooks/18405
942 _cEB
999 _c247660
_d247660